Felsöszecse Ref. templom : hösök emlék oszlopa

Zobrazenie: Na bielom podklade jeden pohľad na kalvínsky kostol a jeden pohľad na pamätník hrdinom, za ktorým je budova

Bibliographic Details
Format: Photo
Language:Hungarian
Slovak
PhysicalDescription:1 pohľadnica (2 čiastkové pohľady) kolorovaná 10 x 14 cm
Published: [Horná Seč?] Fogyastázi szövetkezet [1937?]
Subjects:

MARC

LEADER 00000ckm a2200000 a 4500
001 vtls011592660
003 SK-MaSNL
005 20260301042950.0
007 kf ho
008 231214q1937 xo g kuhun
015 |a SNBG1937 
035 |a urn:nbn:sk:snk-km00cp2v 
035 |a urn:nbn:sk:snk-km3lqg3 
035 |a 89ABE8B1-3905-4454-BDAC-FD639326806D 
040 |a SNK  |b slo  |c SNK  |e AACR2 
041 0 |a hun  |a slo 
043 |a e-xo--- 
044 |a xo  |c SK 
072 7 |a 913  |x Regionálna geografia  |2 konspekt 
080 |a 726:27-523.42  |2 2011 
080 |a 904(084.121)  |2 2011 
080 |a 913(437.6)  |2 2011 
080 |a 721  |2 2011 
080 |a 725.945  |2 2011 
245 0 0 |a Felsöszecse  |h grafika  |b Ref. templom : hösök emlék oszlopa 
246 3 1 |a Hor. Seč 
260 |a [Horná Seč?]  |b Fogyastázi szövetkezet  |c [1937?] 
300 |a 1 pohľadnica (2 čiastkové pohľady)  |b kolorovaná  |c 10 x 14 cm 
520 8 |a Zobrazenie: Na bielom podklade jeden pohľad na kalvínsky kostol a jeden pohľad na pamätník hrdinom, za ktorým je budova 
546 |a Súbežný názov v slovenčine 
650 0 7 |a kultúrne pamiatky  |2 SNKPH  |9 2862 
650 0 7 |a kostoly  |2 SNKPH  |9 3023 
650 0 7 |a budovy  |2 SNKPH  |9 1283 
650 0 7 |a pomníky  |2 SNKPH  |9 3013 
651 7 |a Horná Seč (Slovensko)  |2 SNKPHgeo  |9 19544 
655 7 |a miestne pohľadnice  |2 SNKPH  |9 70510 
655 7 |a pohľadnice kultúrnych pamiatok  |2 SNKPH  |9 70523 
852 |a Slovenská národná knižnica 
958 |a GBN 
958 |a GC 
958 |a OND 
958 |a EUIPO 
999 |c 592329  |d 594259 
952 |a SNK  |b SNK  |y PREZ  |7 0  |p 17A1214696  |o snkSP 13667  |z Pohľadnica prešla poštou.  |0 0  |1 0  |4 0  |d 2016-11-14  |f 1  |l 0  |r 2026-02-23 15:28:34  |w 2026-02-23